| 000 | 00912nam a22002297a 4500 | ||
|---|---|---|---|
| 999 |
_c16789 _d16789 |
||
| 003 | AR-CdUCM | ||
| 008 | 190506b ||||| |||| 00| 0 spa d | ||
| 040 |
_aMUNICIPALIDAD PROVINCIAL DEL CUSCO _cBIBLIOTECA MUNICIPAL DEL CUSCO |
||
| 082 |
_a338.9 / _bL54 |
||
| 100 |
_aLewis, W. Arthur _935765 |
||
| 245 | _aLa planeación económica / | ||
| 260 |
_aMéxico, D.F : _bFondo de Cultura Económica, _c1957. |
||
| 300 |
_a145 páginas ; _c17.5 cm. |
||
| 440 |
_aBreviarios del fondo de Cultura Económica ; _n62 _936451 |
||
| 505 | _aContenido: Por que planear -- La participación equitativa para todos -- El dinero -- Las inversiones -- El comercio exterior -- La movilidad de los recursos... | ||
| 650 |
_aPolítica económica _91407 |
||
| 650 |
_aPlaneación _936452 |
||
| 650 |
_aInflación _94615 |
||
| 700 |
_aVázquez Díaz, Daniel (traductor) _936453 |
||
| 942 |
_2ddc _cLIBROS |
||
| 945 |
_aacv _d2019-05-06 |
||